000 00910nam a22002417a 4500
999 _c19800
_d19800
003 AR-CdUCM
008 190522b ||||| |||| 00| 0 spa d
040 _aMUNICIPALIDAD PROVINCIAL DEL CUSCO
_cBIBLIOTECA MUNICIPAL DEL CUSCO
041 _heng
082 _a338.9 /
_bH58
100 _aHirschman, Albert O.
_96271
245 _aLa estrategia del desarrollo económico /
260 _aMéxico :
_bFondo de Cultura Económica,
_c1961.
300 _a210 páginas ;
_c22 cm.
440 _aSección de obras de economía
_96499
505 _aContenido: Exploraciones preliminares -- Modelos de crecimiento y procesos de desarrollo -- El crecimiento equilibrado...
650 _aDesarrollo económico
_91696
650 _aInversión
_91712
650 _aCrecimiento equilibrado
_941411
700 _aMárquez de Silva Herzog, Teresa (traducción)
_941412
942 _2ddc
_cLIBROS
945 _adavv
_d2019-05-22